000
00291nam a22001337a 4500
008
221014b ||||| |||| 00| 0 eng d
041
_a
eng
080
_a
616.8
082
_a
616.8
100
_a
11.2
101
_a
neuro
245
_a
CEDARS SINAI NEUROSCIENCES
_c
BLACK K
942
_2
udc
_c
BK
999
_c
58560
_d
58560